000 00341nam a2200145Ia 4500
005 20251222141836.0
008 251222s9999||||xx |||||||||||||| ||spa||
020 _a84-7151-608-X
082 _a220.2/A78/Ej.2
100 _aArtola, Antonio
245 0 _aBiblia y Palabra de Dios
250 _a4a.ed.
264 _bVerbo Divino
942 _cLIB
999 _c7282
_d7282